| 000 | 01134nam a2200301 i 4500 | ||
|---|---|---|---|
| 003 | DO-SdBNP | ||
| 005 | 20231116104011.0 | ||
| 007 | ta | ||
| 008 | 230704e2023 dr adc|| |||| 00| 0 spa d | ||
| 020 | _a9789945222616 | ||
| 040 |
_aDO-SdBNP _bspa _cBNPHU _erda |
||
| 082 | 4 |
_222 _bC965s |
|
| 100 | 1 |
_975072 _aCuello, Zoraima, _eautora |
|
| 245 | 1 | 0 |
_a7 riesgos de las redes sociales : _bser ciudadanos en un mundo tecnológico / _cZoraima Cuello ; prólogo, Cris y Dalisa Corcino |
| 246 |
_aSiete riesgos de las redes sociales : _bser ciudadanos en un mundo tecnológico |
||
| 264 | 1 |
_aSanto Domingo : _bUNICARIBE, _c2023. |
|
| 300 |
_a171 páginas : _bIlustraciones, retrato, fotografías ; _c23 cm. |
||
| 336 |
_2rdaconten _atexto _btxt |
||
| 337 |
_2rdamedia _asin medición _bn |
||
| 338 |
_2rdacarrier _avolumen _bnc |
||
| 500 | _aIncluye datos biográficos de la autora en las solapas de las cubiertas | ||
| 504 | _aBibliografía : p. 159 - 166 | ||
| 590 | _aInventariado 2023 / MF | ||
| 700 | 1 |
_aCris, Corcino, _eprólogo _983689 |
|
| 700 | 1 |
_aCorcino, Dalisa, _eprólogo _983690 |
|
| 910 | _aBtavárez | ||
| 942 |
_2ddc _cLBS1 |
||
| 999 |
_c54091 _d54091 |
||